| 000 | 00484nam a22001697a 4500 | ||
|---|---|---|---|
| 008 | 230209b |||||||| |||| 00| 0 eng d | ||
| 020 | _a978-0415303828 | ||
| 050 |
_aP90 _b.D53 2007 |
||
| 100 | _aDimbleby, Richard | ||
| 245 |
_aMore than words : _bAn introduction to communication/ _cRichard Dimbleby & Graeme Burton |
||
| 250 | _a4th ed. | ||
| 260 |
_aLondon _bRoutledge _c2007 |
||
| 300 | _axiii, 383p. | ||
| 650 | _aCommunication | ||
| 700 | _aBurton, Graeme | ||
| 942 |
_2lcc _cBK |
||
| 999 |
_c19975 _d19974 |
||